Countries with the Largest Urban Areas - Statistics

General Stats
  • This quiz has been taken 205 times
  • The average score is 20 of 22
Answer Stats
Largest City Hint Answer % Correct
London 10,236,000 United Kingdom
99%
New York 23,649,255 United States
99%
Sao Paulo 20,365,000 Brazil
98%
Shanghai 23,416,000 China
98%
Delhi 24,998,000 India
98%
Tokyo 37,750,000 Japan
98%
Paris 10,858,000 France
96%
Moscow 16,170,000 Russia
96%
Mexico City 20,063,000 Mexico
95%
Jakarta 30,091,131 Indonesia
93%
Cairo 15,600,000 Egypt
90%
Karachi 22,123,000 Pakistan
90%
Lagos 13,123,000 Nigeria
88%
Seoul 26,640,000 South Korea
88%
Buenos Aires 14,122,000 Argentina
87%
Tehran 13,532,000 Iran
87%
Istanbul 13,287,000 Turkey
87%
Dhaka 15,669,000 Bangladesh
84%
Manila 24,123,000 Philippines
82%
Bangkok 14,998,000 Thailand
80%
Kinshasa 11,587,000 D.R.C
78%
Lima 10,750,000 Peru
73%
No matching quizzes found
Score Distribution
Percent of People with Each Score
Percentile by Number Answered
Your Score History
You have not taken this quiz